000 00682nmc a2200265 a 4500
003 AR-BaBNM
005 20251128211557.0
008 104120s2004 ||||||||||||||000 | spa||
020 _a950-753-119-X
040 _cAR-BaBNM
100 1 _aWildner, Martina
245 1 0 _aLluvia de estrellas
260 _aBuenos Aires
_bCántaro Editores
_c2004
300 0 _a192 p.
_bil.
490 0 _aAldea literaria
650 4 _aLITERATURA ALEMANA
650 4 _aLITERATURA CONTEMPORANEA
650 4 _aNOVELAS
653 _aNARRATIVA
655 _aLITERATURA
700 1 _aObermeier, Alejandra
_etraductor
800 1 _aHöhn, Guillermo
_edirector
942 _cBK
998 _cmartin
999 _c20268
_d20268